000 00774nam a2200265 a 4500
003 AR-BaBNM
005 20251128203330.0
008 082120s2002 ||||||||||||||000 | spa||
040 _cAR-BaBNM
100 1 _aTrusso, Francisco Eduardo
245 0 0 _aEl derecho de la revolución en la emancipación americana
260 _aBuenos Aires
_bEmecé
_c1961
300 _a107 p.
504 _aBibliografía para consultar p. 101-105
650 4 _aROMANTICISMO
650 4 _aPERIODO INDEPENDIENTE
650 4 _aMOVIMIENTOS EMANCIPADORES LATINOAMERICANOS
650 4 _aCONSERVADURISMO
650 4 _aLIBERALISMO
650 4 _aSIGLO DIECIOCHO
650 4 _aHISTORIA DE LAS IDEAS
700 1 _aZorraquín Becú, Ricardo
_eprologuista
942 _cBK
998 _cmariana
999 _c2941
_d2941